Δημιουργική σκέψη : θεωρία, τεχνική, ασκήσεις, τεστ, παιχνίδια

Αποθηκεύτηκε σε:
Λεπτομέρειες βιβλιογραφικής εγγραφής
Κύριος συγγραφέας: Μαγνήσαλης, Κώστας Γ., 1934-2014
Μορφή: Βιβλίο
Γλώσσα:Greek
Δημοσίευση: Αθήνα : Ελληνικά Γράμματα, 2003.
Θέματα:
Ετικέτες: Προσθήκη ετικέτας
Δεν υπάρχουν, Καταχωρήστε ετικέτα πρώτοι!

MARC

LEADER 00000cam a2200000 i 4500
001 1/65153
008 041109s2003 gr | ||| |||| ||gre||
020 |a 9604063170 
035 |l 10075153 
040 |a GR-MyUa  |b gre  |e AACR2 
041 0 |a gre 
082 7 |a 153.35   |2 (22) 
100 1 |a Μαγνήσαλης, Κώστας Γ.,   |d 1934-2014. 
245 1 0 |a Δημιουργική σκέψη :   |b θεωρία, τεχνική, ασκήσεις, τεστ, παιχνίδια /   |c Κώστας Γ. Μαγνήσαλης.  
260 |a Αθήνα :   |b Ελληνικά Γράμματα,   |c 2003.  
300 |a 492 σ. ;   |c 21 εκ. 
504 |a Βιβλιογραφία: σ. 469-471. 
650 0 |a Creative thinking. 
650 0 |a Creative ability. 
852 |a INST  |b SYROS  |e 20041109  |h 153.35 ΜΑΓ  |p 005500004237  |q 005500004237  |t BK  |y 0 
901 |a BIBL5-2004-3 
920 |a Διεύρυνση  |b ΕΠΕΑΕΚ-ΤΜΣΠΣ  |y Σύρος  |z 2004-10 
970 |a Τσουκαλά  |b Αλίκη  |z 09/11/2004